000 01213nam a22002657a 4500
005 20170124103215.0
010 _aA-695783
020 _c150.00
035 _aA-695783
037 _bCen Lib/Ret
040 _aDPL
_bHN
082 _a821
_bआज़ादी
110 _aसमाजवादी शिक्षा संस्थान
_998847
245 _aआज़ादी के क्रांति - गीत /
246 _aAzadi ke kranti - geet /
260 _aनयी दिल्ली
_bअखिल भारतीय आन्दोलन अनुसन्धान एवं प्रलेखन केंद्र
_c1995
270 _bनयी दिल्ली
_aसेक्युलर हाउस, ९/1 इंस्टीतुश्नल एरिया
_e110067
300 _axvi,238पृ.
_c21सेमी(सजिल्द )
500 _aसन्दर्भ सूची शामिल
650 _a साहित्य -- गीत
_x
_z
_9111927
650 _aहिंदी --गीत
_9111928
650 _aLiterature -- songs
_977673
650 _aHistory -- songs
_998850
942 _2ddc
_cHN
_h821
_mआज़ादी
999 _c121497
_d121497